| 000 | 006190000a22001690004500 | ||
|---|---|---|---|
| 003 | MACL | ||
| 005 | 20160120140449.0 | ||
| 008 | 160120b xxu||||| |||| 00| 0 eng d | ||
| 040 |
_aMACL _cMACL |
||
| 041 | _aHindi | ||
| 082 | _a030.954 | ||
| 100 |
_aएन्साइक्लोपीडिया ब्रिटैनिका इंडिया प्राइवेट लिमिटेड _933606 |
||
| 245 | _aभारत ज्ञानकोश | ||
| 260 |
_bपॉप्युलर प्रकाशन _c2002 _aमुंबई |
||
| 650 |
_aEncyclopedia _933652 |
||
| 942 |
_cHIN _k030.954/PAP _2ddc |
||
| 999 |
_c30499 _d30499 |
||